MARC

LEADER 00000nam0a2200000 4500
001 184065
005 20231101223821.0
035 |a (RuTPU)RU\TPU\book\199543 
090 |a 184065 
100 |a 20100826d1959 m y0rusy50 ca 
101 0 |a rus 
102 |a RU 
105 |a a z 001zy 
200 1 |a Искусство Хохломы  |f В. М. Василенко 
210 |a Москва  |c Советский художник  |d 1959 
215 |a 107 с.  |c ил. 
320 |a Библиогр.: с. 106-107. 
320 |a Перечень иллюстраций: с. 101-105. 
606 1 |a Обработка дерева художественная  |2 stltpush  |3 (RuTPU)RU\TPU\subj\46589  |9 65709 
610 1 |a декоративное искусство 
610 1 |a народные промыслы 
610 1 |a роспись 
610 1 |a дерево 
610 1 |a история 
610 1 |a хохломская роспись 
610 1 |a живопись 
610 1 |a художественная обработка 
675 |a 745.51  |v 3 
700 1 |a Василенко  |b В. М.  |g Виктор Михайлович 
801 1 |a RU  |b 63413507  |c 20100826 
801 2 |a RU  |b 63413507  |c 20181008  |g RCR 
942 |c BK